Loading...
| Science - Physics | 0 | 5 | 1 | 1 | 45 | 61 | 83.20 | 0 | 1 |
| Literature - British Literature | 0 | 3 | 0 | 0 | 30 | 96 | 108.33 | 0 | 0 |
| Literature - European Literature | 0 | 2 | 0 | 0 | 20 | 83 | 95.00 | 0 | 0 |
| History - European History | 0 | 2 | 0 | 0 | 20 | 24 | 34.50 | 1 | 2 |
| Philosophy | 0 | 2 | 0 | 0 | 20 | 91 | 97.00 | 0 | 0 |
| Literature - American Literature | 0 | 2 | 1 | 1 | 15 | 96 | 102.00 | 0 | 0 |
| Science - Other Science | 0 | 2 | 1 | 0 | 15 | 47 | 60.50 | 0 | 1 |
| Current Events | 0 | 1 | 0 | 0 | 10 | 42 | 42.00 | 1 | 1 |
| History - World History | 0 | 1 | 0 | 0 | 10 | 80 | 80.00 | 0 | 0 |
| Painting/Sculpture | 0 | 1 | 0 | 0 | 10 | 106 | 106.00 | 0 | 0 |
| Religion | 0 | 1 | 0 | 0 | 10 | 49 | 49.00 | 0 | 1 |
| Science - Chemistry | 0 | 1 | 0 | 0 | 10 | 64 | 64.00 | 0 | 0 |
| Geography | 0 | 1 | 1 | 0 | 5 | 59 | 59.00 | 1 | 1 |
| Fine Arts - Other Fine Arts | 0 | 1 | 1 | 0 | 5 | 71 | 71.00 | 0 | 1 |
| Pop Culture | 0 | 0 | 1 | 0 | -5 | 0.00 | 0 | 0 | |
| Science - Biology | 0 | 0 | 1 | 0 | -5 | 0.00 | 0 | 0 | |
| Mythology | 0 | 0 | 1 | 0 | -5 | 0.00 | 0 | 0 | |
| Literature - World Literature | 0 | 0 | 3 | 0 | -15 | 0.00 | 0 | 0 |